[Event "Int. Championship of Central Serbia - OP"]
[Site "Paracin"]
[Date "2011.07.11"]
[Round "4.1"]
[White "Arsic, Djordje"]
[Black "Tomic, Slobodan"]
[Result "0-1"]
[WhiteElo "1854"]
[BlackElo "2082"]
[PlyCount "102"]
[EventDate "2011.07.08"]

1. e4 e5 2. Nf3 Nc6 3. Bc4 g6 4. d4 exd4 5. Nxd4 Bg7 6. Be3 Nge7 7. Nc3 O-O 8.
O-O d6 9. Qd2 Ne5 10. Bb3 a6 11. a3 Kh8 12. h3 Bd7 13. f4 N5c6 14. f5 Nxd4 15.
Bxd4 gxf5 16. Bxg7+ Kxg7 17. Qg5+ Ng6 18. Qxd8 Raxd8 19. exf5 Ne5 20. Nd5 Bc6
21. Ne7 f6 22. Nxc6 bxc6 23. Rad1 d5 24. Rd2 Rd6 25. Rf4 Rfd8 26. Rb4 c5 27.
Ra4 Kh6 28. c3 c4 29. Bc2 Kg5 30. Ra5 d4 31. cxd4 Rxd4 32. Rxd4 Rxd4 33. Rxa6
Rd2 34. Be4 Kf4 35. Bf3 Rxb2 36. Bc6 c3 37. Ba4 Kxf5 38. Ra7 c2 39. Bxc2+ Rxc2
40. a4 Kf4 41. Ra8 Kg3 42. Kf1 Rxg2 43. Rg8+ Ng6 44. h4 Rh2 45. a5 Rxh4 46. Rc8
Ra4 47. Rxc7 Rxa5 48. Rxh7 Nf4 49. Rg7+ Kf3 50. Ke1 Rd5 51. Ra7 Ng2+ 0-1

[Event "Int. Championship of Central Serbia - OP"]
[Site "Paracin"]
[Date "2011.07.11"]
[Round "4.2"]
[White "Blagojevic, Tijana"]
[Black "Jovic, Slavko"]
[Result "1/2-1/2"]
[WhiteElo "1836"]
[BlackElo "1957"]
[PlyCount "46"]
[EventDate "2011.07.08"]

1. e4 c5 2. Nf3 e6 3. d4 cxd4 4. Nxd4 Nf6 5. Nc3 Nc6 6. Nxc6 bxc6 7. Bd3 e5 8.
O-O Be7 9. b3 O-O 10. Qe2 d6 11. Bb2 Qc7 12. Rad1 Bg4 13. f3 Be6 14. Bc4 Bd7
15. Rd2 Nh5 16. g3 g6 17. Rfd1 Rad8 18. Na4 Bc8 19. Rd3 Ng7 20. Qd2 Ne6 21. Ba3
Bg5 22. Qf2 Be7 23. Bxd6 Bxd6 1/2-1/2

[Event "Int. Championship of Central Serbia - OP"]
[Site "Paracin"]
[Date "2011.07.11"]
[Round "4.3"]
[White "Cvetkovski, Slobodan"]
[Black "Bratkovic, Jakob"]
[Result "0-1"]
[WhiteElo "1957"]
[BlackElo "1838"]
[PlyCount "114"]
[EventDate "2011.07.08"]

1. e4 e5 2. Nf3 Nc6 3. Bb5 Nge7 4. O-O g6 5. c3 Bg7 6. d4 exd4 7. cxd4 a6 8.
Be2 d5 9. e5 Nf5 10. Nc3 O-O 11. Bg5 f6 12. exf6 Bxf6 13. Bxf6 Rxf6 14. Qd2 Rd6
15. Rad1 Qf6 16. g4 Ng7 17. Ng5 Nxd4 18. Qxd4 Qxg5 19. f4 Qe7 20. Bf3 c6 21.
Kg2 Bd7 22. Kg3 Re8 23. Rde1 Qf6 24. Qxf6 Rxf6 25. Rxe8+ Nxe8 26. Na4 Re6 27.
g5 Nd6 28. Nc5 Re7 29. Nd3 Nc4 30. b3 Re3 31. Rd1 Nd6 32. Kf2 Re7 33. Ne5 Nf7
34. Nd3 Bf5 35. Nc5 a5 36. h4 Nd6 37. h5 Nb5 38. h6 Nc3 39. Rd2 b6 40. Na6 Be4
41. Rb2 Rf7 42. Kg3 d4 43. Rd2 d3 44. Nb8 Nb1 45. Rd1 d2 46. Bxe4 Nc3 47. Bf3
Nxd1 48. Bxd1 Re7 49. b4 Re1 50. Bb3+ Kh8 51. Nxc6 Rb1 52. Bc2 Rc1 53. Bb3 Rxc6
54. Kf2 a4 55. Bxa4 Rc4 56. Ke3 Rxb4 57. Bb3 Rxb3+ 0-1

[Event "Int. Championship of Central Serbia - OP"]
[Site "Paracin"]
[Date "2011.07.11"]
[Round "4.5"]
[White "Mijovic, Cedomir"]
[Black "Krstic, Aca"]
[Result "1-0"]
[WhiteElo "1981"]
[BlackElo "2074"]
[PlyCount "105"]
[EventDate "2011.07.08"]

1. d4 d5 2. c4 e6 3. e3 Nf6 4. Nf3 Nbd7 5. Nbd2 Be7 6. Be2 O-O 7. O-O b6 8. b3
Bb7 9. Bb2 Rc8 10. cxd5 exd5 11. Rc1 Bd6 12. Ne5 c6 13. Bd3 Bb8 14. Qe2 Re8 15.
f4 c5 16. Qf3 Ne4 17. Nxe4 dxe4 18. Bxe4 Bxe4 19. Qxe4 Nf6 20. Qf5 Qd5 21. Rfd1
Qe4 22. Qxe4 Nxe4 23. dxc5 Nxc5 24. Kf2 f6 25. Nd7 Ne4+ 26. Kf3 Rxc1 27. Bxc1
Bd6 28. Rd4 f5 29. g4 fxg4+ 30. Kxg4 Bc5 31. Nxc5 bxc5 32. Ra4 Re7 33. Kf3 Nf6
34. Ra5 Rc7 35. Bb2 Kf7 36. Be5 Rb7 37. Bxf6 Kxf6 38. Rxc5 h6 39. Rc6+ Kf7 40.
h4 Rd7 41. h5 Ke7 42. Ra6 Kf7 43. b4 Rb7 44. a3 Ke7 45. f5 Kf7 46. Kf4 Rd7 47.
e4 Rc7 48. b5 Ke7 49. a4 Kf7 50. a5 Rb7 51. b6 axb6 52. Rxb6 Rd7 53. a6 1-0

[Event "Int. Championship of Central Serbia - OP"]
[Site "Paracin"]
[Date "2011.07.11"]
[Round "4.6"]
[White "Majstorovic, Dusan"]
[Black "Milosavljevic, Milica"]
[Result "1/2-1/2"]
[WhiteElo "2067"]
[BlackElo "1881"]
[PlyCount "104"]
[EventDate "2011.07.08"]

1. e4 c5 2. Nf3 d6 3. d4 cxd4 4. Nxd4 Nf6 5. Nc3 a6 6. Bg5 e6 7. Bc4 b5 8. Bb3
Be7 9. Qd3 O-O 10. O-O-O Bb7 11. a3 Nbd7 12. Bxf6 Nxf6 13. f3 d5 14. exd5 Nxd5
15. Nxd5 Bxd5 16. Bxd5 Qxd5 17. Nb3 Qxd3 18. Rxd3 Rfd8 19. Rhd1 Kf8 20. Rxd8+
Rxd8 21. Rxd8+ Bxd8 22. Nc5 a5 23. Kd2 Ke7 24. Kd3 Bb6 25. Ne4 Kd7 26. c4 f5
27. Nc3 bxc4+ 28. Kxc4 Kc6 29. Ne2 e5 30. Nc3 Bd4 31. Na4 Bg1 32. h3 h5 33. b3
g5 34. Nc3 Bd4 35. Nd5 Kd6 36. a4 Bf2 37. b4 axb4 38. Nxb4 g4 39. Nd3 gxh3 40.
gxh3 Bg1 41. a5 e4 42. fxe4 fxe4 43. Nf4 h4 44. Ne2 Ba7 45. Nd4 Kd7 46. Kd5 e3
47. Ne2 Kc7 48. Nf4 Kb7 49. Kc4 Ka6 50. Kd3 Kxa5 51. Ng2 Kb5 52. Nxh4 Kc6
1/2-1/2

[Event "Int. Championship of Central Serbia - OP"]
[Site "Paracin"]
[Date "2011.07.11"]
[Round "4.7"]
[White "Hrenic, Misa"]
[Black "Gagic, Miroljub"]
[Result "1-0"]
[WhiteElo "2044"]
[BlackElo "1872"]
[PlyCount "121"]
[EventDate "2011.07.08"]

1. e4 c5 2. Nf3 g6 3. d4 cxd4 4. Nxd4 Bg7 5. c4 Nc6 6. Be3 d6 7. Nc3 Nf6 8. Be2
O-O 9. O-O Bd7 10. Qd2 Nxd4 11. Bxd4 Bc6 12. f3 Nd7 13. Bf2 a5 14. b3 Nc5 15.
Rab1 Qb6 16. a3 Qc7 17. Bd1 Rfc8 18. b4 axb4 19. axb4 Na4 20. Bxa4 Bxc3 21.
Qxc3 Rxa4 22. Qd4 Rca8 23. Rfc1 Ra2 24. Bg3 Qc8 25. b5 Be8 26. e5 dxe5 27. Qxe5
Qe6 28. Qxe6 fxe6 29. Be5 Kf7 30. Ra1 Rxa1 31. Bxa1 Rc8 32. Bb2 e5 33. Kf2 Ke6
34. Ke3 g5 35. Kd2 Bg6 36. Kc3 h5 37. Kb4 g4 38. Re1 e4 39. fxe4 Kd6 40. c5+
Ke6 41. Re2 Be8 42. g3 Bg6 43. Bd4 Kd7 44. Be5 Ke6 45. Bf4 Be8 46. Rd2 Bg6 47.
Rd5 Be8 48. Re5+ Kf6 49. Rd5 Ke6 50. Ka5 Kf6 51. Kb6 Bf7 52. Rd7 e5 53. Rd6+
Be6 54. Bg5+ Kf7 55. Rd8 Rxd8 56. Bxd8 Ke8 57. Bf6 Bd7 58. Kxb7 Bxb5 59. c6 Bd3
60. c7 Bxe4+ 61. Kb8 1-0

[Event "Int. Championship of Central Serbia - OP"]
[Site "Paracin"]
[Date "2011.07.11"]
[Round "4.8"]
[White "Bratkovic, Sham"]
[Black "Lukic, Milutin"]
[Result "1-0"]
[WhiteElo "1792"]
[BlackElo "2026"]
[PlyCount "109"]
[EventDate "2011.07.08"]

1. e4 c6 2. d4 d5 3. Nc3 dxe4 4. Nxe4 Nf6 5. Nxf6+ exf6 6. c3 Bd6 7. Bd3 O-O 8.
Nf3 Re8+ 9. Be3 Bf4 10. Qd2 Qe7 11. Kf1 Bxe3 12. fxe3 Qxe3 13. Re1 Qxe1+ 14.
Nxe1 Be6 15. a3 Nd7 16. Nf3 Re7 17. Kf2 Rae8 18. Re1 g6 19. h3 Kg7 20. c4 b6
21. b3 Nf8 22. Be4 Bd7 23. d5 Rxe4 24. Rxe4 Rxe4 25. Qd3 cxd5 26. Qxd5 Re6 27.
Qb7 a5 28. Nd4 Rd6 29. Qe4 Ne6 30. Nxe6+ Bxe6 31. Qb7 Bf5 32. Qc7 Re6 33. c5
bxc5 34. Qxc5 Re5 35. Qb6 Be6 36. b4 axb4 37. Qxb4 h5 38. a4 Rf5+ 39. Kg1 Rg5
40. Qd2 Rd5 41. Qc3 Rg5 42. Kh2 Bd5 43. Qd2 Ba8 44. a5 Bxg2 45. Qxg5 Bxh3 46.
Qc5 Bf1 47. Qb6 g5 48. Qc6 Kg6 49. Qb7 Bd3 50. Qd7 Ba6 51. Qd8 Kg7 52. Qa8 Be2
53. Kg2 h4 54. Kf2 Bb5 55. Ke3 1-0

[Event "Int. Championship of Central Serbia - OP"]
[Site "Paracin"]
[Date "2011.07.11"]
[Round "4.11"]
[White "Ostojic, Nikola M"]
[Black "Franca, Veronika"]
[Result "1/2-1/2"]
[WhiteElo "2093"]
[BlackElo "1802"]
[PlyCount "61"]
[EventDate "2011.07.08"]

1. d4 Nf6 2. c4 g6 3. Nc3 Bg7 4. e4 d6 5. f3 O-O 6. Bg5 c5 7. d5 e6 8. Nge2
exd5 9. Nxd5 Be6 10. Nec3 Bxd5 11. cxd5 Na6 12. Qd2 Nc7 13. Be2 h6 14. Be3 a6
15. a4 b6 16. O-O Kh7 17. f4 Rb8 18. Bf3 Nd7 19. Bf2 b5 20. axb5 axb5 21. Rac1
b4 22. Ne2 Nb5 23. Kh1 Qb6 24. Qc2 Ra8 25. Qb3 Ra5 26. Bg4 Nf6 27. Bf3 Nd7 28.
Bg4 Nf6 29. Bf3 Nd7 30. Bg4 Nf6 31. Bf3 1/2-1/2

[Event "Int. Championship of Central Serbia - OP"]
[Site "Paracin"]
[Date "2011.07.11"]
[Round "4.12"]
[White "Djuretanovic, Ivan"]
[Black "Brinovec, David"]
[Result "0-1"]
[WhiteElo "2077"]
[BlackElo "1795"]
[PlyCount "118"]
[EventDate "2011.07.08"]

1. e4 e5 2. Nf3 Nc6 3. Bc4 Nf6 4. Ng5 d5 5. exd5 Na5 6. Bb5+ c6 7. dxc6 bxc6 8.
Qf3 Rb8 9. Bxc6+ Nxc6 10. Qxc6+ Nd7 11. d3 Be7 12. Ne4 Rb6 13. Qa4 f5 14. Ng3
O-O 15. Nc3 Nc5 16. Qa5 Qd6 17. Be3 Qc6 18. O-O Bb7 19. f3 f4 20. b4 Ra6 21.
Qb5 Qxb5 22. Nxb5 Nd7 23. Bd2 fxg3 24. hxg3 Rb6 25. a4 a6 26. Be3 axb5 27. Bxb6
Nxb6 28. axb5 Bxb4 29. Ra7 Rb8 30. Kh2 Bc5 31. Raa1 Bd4 32. Rac1 Bc3 33. Rf2
Nd5 34. Re2 Bc8 35. Rb1 Bd7 36. f4 Bd4 37. Rb3 Nc3 38. Re1 exf4 39. gxf4 Rxb5
40. Rxb5 Bxb5 41. Ra1 Ba4 42. g3 Bxc2 43. Ra8+ Kf7 44. Rd8 Bf6 45. Rd7+ Ke6 46.
Rc7 Bxd3 47. Rc8 Kf5 48. Re8 Kg4 49. Re6 Bb5 50. Re1 Bd4 51. Re6 Ne2 52. Rd6
Bf2 53. Kg2 Bxg3 54. Rb6 Bc4 55. f5 Nf4+ 56. Kg1 Kxf5 57. Kh1 h5 58. Rb4 Bd5+
59. Kg1 h4 0-1

[Event "Int. Championship of Central Serbia - OP"]
[Site "Paracin"]
[Date "2011.07.11"]
[Round "4.13"]
[White "Cokan, Mirko"]
[Black "Arandjelovic, Aleksandar Z"]
[Result "0-1"]
[WhiteElo "1846"]
[BlackElo "2065"]
[PlyCount "70"]
[EventDate "2011.07.08"]

1. e4 c5 2. c3 d6 3. d4 Nf6 4. dxc5 Nc6 5. Qc2 d5 6. Bb5 Nxe4 7. b4 Bd7 8. Be3
g6 9. f3 Nf6 10. Ne2 Bg7 11. O-O O-O 12. Rd1 Nxb4 13. cxb4 Bxb5 14. Nd4 Bd7 15.
Bf2 e5 16. Ne2 a5 17. b5 Bxb5 18. a4 Ba6 19. Nbc3 d4 20. Nb5 Rc8 21. Rac1 Nd5
22. Qb3 Bh6 23. f4 Nxf4 24. Nxf4 Bxf4 25. Rc4 Qd5 26. Qc2 Rc6 27. Bh4 b6 28.
Be7 Be3+ 29. Kh1 Re8 30. Bd6 bxc5 31. Rc3 Bxb5 32. axb5 Rxd6 33. Rxe3 c4 34.
Rf3 e4 35. Rf4 d3 0-1

[Event "Int. Championship of Central Serbia - OP"]
[Site "Paracin"]
[Date "2011.07.11"]
[Round "4.14"]
[White "Zivanovic, Miroslav"]
[Black "Djukanovic, Mitar"]
[Result "0-1"]
[WhiteElo "2064"]
[BlackElo "1719"]
[PlyCount "103"]
[EventDate "2011.07.08"]

1. e4 e6 2. d4 d5 3. Nd2 dxe4 4. Nxe4 Bd7 5. Nf3 Bc6 6. Bd3 Nd7 7. Qe2 Ngf6 8.
Bf4 Be7 9. O-O O-O 10. Nxf6+ Nxf6 11. Rad1 Nd5 12. Bd2 Nb4 13. Bxb4 Bxb4 14. c3
Bd6 15. Ne5 Bxe5 16. dxe5 Qe7 17. Be4 Bxe4 18. Qxe4 b6 19. Rd3 Rad8 20. Rh3 h6
21. Rg3 g6 22. Qe3 Kg7 23. Rh3 Qg5 24. f4 Qf5 25. Qe2 h5 26. Rhf3 Rd5 27. h3
Rfd8 28. g4 hxg4 29. hxg4 Qxg4+ 30. Qg2 Qxg2+ 31. Kxg2 Rd2+ 32. R3f2 R8d3 33.
a4 a5 34. b4 Rxf2+ 35. Rxf2 Rxc3 36. bxa5 bxa5 37. Rb2 Rc4 38. Kg3 Rxa4 39. Rc2
Ra1 40. Rxc7 a4 41. Ra7 a3 42. Kg2 a2 43. Ra3 Kh7 44. Kh2 Rf1 45. Rxa2 Rxf4 46.
Re2 Kh6 47. Kg3 Kg5 48. Re1 Kf5 49. Re2 g5 50. Re1 Re4 51. Rf1+ Kg6 52. Rf6+
0-1

[Event "Int. Championship of Central Serbia - OP"]
[Site "Paracin"]
[Date "2011.07.11"]
[Round "4.16"]
[White "Radovanovic, Miroljub B"]
[Black "Zivanovic, Blagoje"]
[Result "1-0"]
[WhiteElo "2018"]
[BlackElo "1684"]
[PlyCount "113"]
[EventDate "2011.07.08"]

1. d4 Nf6 2. c4 e5 3. Nc3 exd4 4. Qxd4 Nc6 5. Qd1 Bb4 6. Bd2 O-O 7. Nd5 Bc5 8.
e3 d6 9. Bd3 Nxd5 10. cxd5 Nb4 11. Bxb4 Bxb4+ 12. Kf1 a5 13. Qc2 h6 14. Rc1 Bc5
15. Nf3 Qf6 16. Qc3 Qxc3 17. bxc3 c6 18. c4 cxd5 19. cxd5 f5 20. h4 g6 21. Ke2
Kg7 22. Nd2 Re8 23. g3 Re5 24. Bc4 b6 25. Nf3 Re7 26. Kd3 Bd7 27. Rb1 Rb8 28.
Bb5 Bxb5+ 29. Rxb5 Rbb7 30. Rc1 Kf7 31. Rc4 Kf6 32. g4 fxg4 33. Rxg4 Kf7 34.
Rf4+ Kg7 35. Nd4 Re5 36. e4 Rf7 37. Rxf7+ Kxf7 38. f4 Rh5 39. Nf3 Kf6 40. Rb2
g5 41. fxg5+ hxg5 42. hxg5+ Rxg5 43. Nxg5 Kxg5 44. a4 Kf4 45. Rg2 Kf3 46. Rg8
Kf4 47. Rf8+ Kg5 48. Kc4 Kg6 49. Kb5 Kg7 50. Rf1 Kg6 51. Kc6 Kg7 52. e5 dxe5
53. d6 e4 54. d7 Be7 55. Re1 Bf6 56. Rxe4 Kf7 57. Rf4 1-0

[Event "Int. Championship of Central Serbia - OP"]
[Site "Paracin"]
[Date "2011.07.11"]
[Round "4.17"]
[White "Vaskovic, Dragan"]
[Black "Nikolic, Vladimir"]
[Result "0-1"]
[WhiteElo "1812"]
[BlackElo "1999"]
[PlyCount "76"]
[EventDate "2011.07.08"]

1. e4 e5 2. Nf3 Nc6 3. Bb5 Bc5 4. c3 Qe7 5. O-O Nf6 6. Re1 O-O 7. d4 Bb6 8. Bg5
d6 9. d5 Nb8 10. a4 a5 11. Qc2 h6 12. Be3 Bxe3 13. Rxe3 Ng4 14. Re1 f5 15. h3
fxe4 16. Qxe4 Bf5 17. Qe2 Nf6 18. Bc4 Nh5 19. Nxe5 Qxe5 20. g4 Qxe2 21. Bxe2
Bxb1 22. Raxb1 Nf4 23. Bf1 Nd7 24. Re7 Rf7 25. Rbe1 Ne5 26. R7xe5 dxe5 27. Rxe5
Rd8 28. Bc4 Rd6 29. Ba2 Nxh3+ 30. Kh2 Nxf2 31. Kg3 g5 32. Bb1 Kg7 33. Bf5 Rxf5
34. gxf5 Kf6 35. Re2 Nd3 36. Kg4 Ne5+ 37. Kg3 Rxd5 38. Rh2 Rd3+ 0-1

[Event "Int. Championship of Central Serbia - OP"]
[Site "Paracin"]
[Date "2011.07.11"]
[Round "4.18"]
[White "Unuk, Laura"]
[Black "Djordjevic, Danilo"]
[Result "0-1"]
[WhiteElo "1762"]
[BlackElo "1996"]
[PlyCount "114"]
[EventDate "2011.07.08"]

1. d4 Nf6 2. c4 g6 3. Nc3 d5 4. Nf3 Bg7 5. Bg5 Ne4 6. cxd5 Nxg5 7. Nxg5 e6 8.
Qd2 h6 9. Nh3 exd5 10. Qe3+ Kf8 11. Nf4 c5 12. Qf3 cxd4 13. Ncxd5 Kg8 14. g3
Nc6 15. Bg2 Ne5 16. Qb3 Qa5+ 17. Qb4 Qxb4+ 18. Nxb4 Bd7 19. Nfd3 Nxd3+ 20. Nxd3
Kh7 21. Bxb7 Rab8 22. Bd5 Rhe8 23. Kd2 Kg8 24. Rac1 Bf5 25. b3 Re7 26. Rhe1 h5
27. h4 Bf8 28. Rc4 Rd7 29. Bc6 Rd6 30. Bg2 Ra6 31. Rc2 Bh6+ 32. Kd1 Rb5 33. Rb2
Rba5 34. Nb4 Rc5 35. f4 Rd6 36. Nd3 Rc3 37. Kd2 Re6 38. Rf1 Bxd3 39. exd3 Re3
40. Be4 Rxg3 41. a4 f5 42. Bd5+ Kg7 43. Bf3 Bxf4+ 44. Ke2 Rh3 45. Rh1 Rxh1 46.
Bxh1 Bg3 47. b4 Bxh4 48. a5 Bd8 49. Bd5 Rc8 50. Ra2 Rb8 51. Ra4 Be7 52. a6 Rxb4
53. Ra1 Rb5 54. Bb7 Re5+ 55. Kf3 Re3+ 56. Kf4 Kh6 57. Rd1 Bd6# 0-1

[Event "Int. Championship of Central Serbia - OP"]
[Site "Paracin"]
[Date "2011.07.11"]
[Round "4.20"]
[White "Radovic, Milos"]
[Black "Jaklin, Damir"]
[Result "0-1"]
[WhiteElo "1584"]
[BlackElo "1984"]
[PlyCount "96"]
[EventDate "2011.07.08"]

1. e4 c5 2. d3 Nc6 3. g3 d5 4. Nd2 Nf6 5. Bg2 e5 6. exd5 Nxd5 7. Ngf3 Be6 8.
O-O Be7 9. Re1 f6 10. Nc4 O-O 11. Ne3 Qd7 12. Nxd5 Bxd5 13. b3 Rad8 14. Bb2
Rfe8 15. Qd2 Qc7 16. Qe2 Bf7 17. Nh4 Bf8 18. Be4 g6 19. Bh1 Bg7 20. Rad1 Nd4
21. Bxd4 cxd4 22. Qd2 Rc8 23. Re2 b6 24. Nf3 Bf8 25. Ra1 Qc3 26. Qxc3 Rxc3 27.
a3 Rec8 28. Ne1 R8c5 29. Bb7 Ra5 30. a4 b5 31. f4 bxa4 32. fxe5 axb3 33. Rb1
Rxe5 34. Rxe5 fxe5 35. cxb3 Rxb3 36. Rxb3 Bxb3 37. Ba6 Bd1 38. Kf2 Kf7 39. Nf3
Kf6 40. Nd2 Bh6 41. Ne4+ Ke7 42. h3 Be3+ 43. Kg2 h6 44. g4 Kd8 45. Kg3 Kc7 46.
h4 Kb6 47. Bc4 a5 48. Nd6 a4 0-1

[Event "Int. Championship of Central Serbia - OP"]
[Site "Paracin"]
[Date "2011.07.11"]
[Round "4.22"]
[White "Gajic, Bozur"]
[Black "Stojanovic, Vladimir M"]
[Result "0-1"]
[WhiteElo "1723"]
[BlackElo "1938"]
[Annotator "Milojevic,Boban"]
[PlyCount "120"]
[EventDate "2011.07.08"]

1. e4 d6 2. d4 Nf6 3. Bd3 e5 4. Nf3 Nc6 5. dxe5 Nxe5 6. Nxe5 dxe5 7. O-O Bc5 8.
Bg5 Be6 9. a3 a5 10. Nc3 c6 11. h3 h6 12. Be3 Bxe3 13. fxe3 a4 14. Qe2 Qb6 15.
Nd1 Qc5 16. Nf2 O-O 17. Nh1 Nd7 18. Ng3 g6 19. h4 h5 20. Qf2 Bg4 21. Rac1 Qe7
22. Nh1 Nc5 23. Qf6 Qxf6 24. Rxf6 Kg7 25. Rd6 Rfd8 26. Rxd8 Rxd8 27. Nf2 Be6
28. Kf1 f6 29. Ke2 Kf7 30. Rg1 b5 31. Rc1 Rb8 32. c3 Nb3 33. Rd1 Ke7 34. Bc2
Nc5 35. Rd2 g5 36. g3 gxh4 37. gxh4 Rg8 38. Kf3 Bg4+ 39. Nxg4 Rxg4 40. Rh2 Nb7
41. c4 Nd6 42. cxb5 cxb5 43. Bd3 Kd7 44. Rd2 Kc6 45. Rc2+ Kb6 46. Rh2 Kc5 47.
Rc2+ Kb6 48. Rh2 f5 49. Kf2 Nxe4+ 50. Kf1 Ng3+ 51. Kf2 e4 52. Be2 Nxe2 53. Kxe2
f4 54. exf4 Rxf4 55. Ke3 Rg4 56. Kd4 Kc6 57. Ke5 b4 58. axb4 Kb5 59. Kf5 Kxb4
60. Rh3 Rg2 {...necitko} 0-1

[Event "Int. Championship of Central Serbia - OP"]
[Site "Paracin"]
[Date "2011.07.11"]
[Round "4.24"]
[White "Zivanovic, Natalija"]
[Black "Radovic, Luka"]
[Result "0-1"]
[WhiteElo "1567"]
[BlackElo "1910"]
[PlyCount "48"]
[EventDate "2011.07.08"]

1. d4 d5 2. c4 c6 3. Nc3 Nf6 4. Nf3 e6 5. Bg5 h6 6. Bh4 g5 7. Bg3 dxc4 8. e3 b5
9. a4 Qb6 10. Ne5 Bb7 11. h4 Bg7 12. Be2 Nbd7 13. a5 Qa6 14. b4 Bf8 15. hxg5
Bxb4 16. Qc2 Nd5 17. Kf1 Bxc3 18. Nxf7 Kxf7 19. Bh5+ Ke7 20. Qg6 Raf8 21. gxh6
Nxe3+ 22. Kg1 Nf5 23. Bh4+ Nf6 24. Bxf6+ Rxf6 0-1